Responses for Show #502 - Tuesday, November 11, 1986

1986 Tournament of Champions quarterfinal game 2.

Contestants

[<< previous game]

Jared Eisenstat, a lawyer from Hicksville, New York

Marvin Shinkman, a stamp dealer from Sherman Oaks, California

Paul Rouffa, an actor from Forest Park, Illinois

[next game >>]

Jeopardy! Round responses

DANCE
POST OFFICE
LUNCH COUNTER LINGO
NAME CHANGES
MONEY
PROVERBS OF DEATH
    $100 17
the hula

Paul
    $100 9
[At his correct response, Marvin the stamp dealer smiles, and the audience laughs.]

postage stamps

Marvin
    $100 3
to scramble

Marvin
    $100 24
Houdini

Jared
    $100 2
cigarettes

Marvin
    $100 1
dead men

Jared
    $200 18
the Bolshoi

Paul
    $200 10
the zip code

Jared
    $200 4
baked beans

Marvin
    $200 25
Noxzema

Marvin
    $200 13
cotton

Triple Stumper
    $200 7
hard

Paul
    $800 19
"Little Deuce Coupe"

Paul
    $300 11
AK

Jared
    $300 5
(Jared: What is soda?)
(Paul: What is ginger ale?)
---
(Alex: What is plain, ordinary [*]?)

water

PaulJared
Triple Stumper
    $300 28
X

Marvin
    $300 14
The Money Pit

Jared
    $300 8
(Paul: What is skin a cat?)

kill a cat

PaulMarvin
    $400 20
Can-Can

Paul
    $400 12
(Jared: What is junk mail?)
[Laughter]
(Alex: Those poor animals. Being referred to as "junk mail".)

parcel post

Jared
Triple Stumper
    $400 6
86

Paul
    $400 29
[The end-of-round signal sounds.]

Montgomery

Marvin
    $400 15
the eagle

Jared
    $400 22
(Alex: Tough chore, when you think of it.)

Let the dead bury the dead.

Triple Stumper
    $500 21
the Bunny Hop

Triple Stumper
    $500 26
(Marvin: What is the address?)
(Paul: What is the cancellation stamp?)
(Alex: The cancelation...no. We can't accept that.)

the postmark

PaulMarvin
Triple Stumper
    $500 27
(Jared: What is beef chili?)

beef stew

Jared
Triple Stumper
    $500 16
Lincoln

Paul
    $500 23
a bullet

Paul

Scores at the first commercial break (after clue 12):

Paul Marvin Jared
$0 $800 -$100

Scores at the end of the Jeopardy! Round:

Paul Marvin Jared
$2,000 $1,200 $200

Double Jeopardy! Round responses

SHAKESPEAREAN 1ST LINES
ENGINEERING
AMERICAN RELIGION
GAMES
BATTLES
TOUGH MOVIE TRIVIA
    $200 2
the first line of Romeo and Juliet

Paul
    $200 21
Jericho

Paul
    $200 26
Unitarians

Marvin
    $200 9
(Marvin: What is blind man's bluff?)

hide and seek

PaulMarvin
    $200 1
Red Badge of Courage

Paul
    $200 12
Silly Symphonies

Paul
    $400 3
Richard III

Marvin
    $400 22
(Clifford) Holland

Paul
    $400 27
Baptists

Jared
    $400 16
20 questions

Paul
    $400 4
Rome

Marvin
    $400 13
Howard Hughes

Jared
    $600 7
Hamlet

Marvin
    $400 23
Houston

Paul
    $600 30
(Jared: What is 40?)

60

PaulJared
    $600 18
liar

Paul
    $600 5
hara-kiri

Marvin
    $600 14
Psycho

Paul
    $800 10
Twelfth Night

Paul
    $800 24
civil engineering

Jared
    $800 29
Mormons

Marvin
    $800 19
(Paul: What is "croque"?)

roque

Paul
    $800 6
the Battle of Trafalgar

Paul
    $800 15
Henry Fonda

Marvin
    $1000 11
A Midsummer Night's Dream

Marvin
    $1000 25
(Paul: What is the Queen's Highway?)

the Trans-Canada Highway

Paul
Triple Stumper
    $1000 28
the Quakers

Triple Stumper
    $1000 20
a top

Triple Stumper
    $1000 8
Brandywine

Marvin
    $1000 17
(Marvin: What is the group from [*]?)
(Alex: You got it. They are the [*].)

Ghostbusters

Marvin

Scores at the end of the Double Jeopardy! Round:

Paul Marvin Jared
$5,800 $7,800 $1,200

Final Jeopardy! Round responses

BEST SELLERS
JaredWho are Iaccoca & Yeager?
$1,200
PaulWho are Yeager & Iacocca?
$2,001
MarvinWho are Iococa & Johnson
$0
Chuck Yeager & Lee Iacocca

Final scores:

Paul Marvin Jared
$7,801 $7,800 $2,400
Automatic semifinalist 2nd place: $1,000 if eliminated 3rd place: $1,000 if eliminated

Game dynamics:

Coryat scores:

Paul Marvin Jared
$6,300 $7,800 $1,200
21 R
(including 2 DDs),
5 W
(including 1 DD)
18 R,
2 W
9 R,
4 W

Combined Coryat: $15,300

[game clues] [game scores] [suggest correction]

Game tape date: 1986-10-28
The J! Archive is created by fans, for fans. Scraping, republication, monetization, and malicious use prohibited; this site may use cookies and collect identifying information. See terms. The Jeopardy! game show and all elements thereof, including but not limited to copyright and trademark thereto, are the property of Jeopardy Productions, Inc. and are protected under law. This website is not affiliated with, sponsored by, or operated by Jeopardy Productions, Inc. Join the discussion at JBoard.tv.